000 00405nam a2200133 a 4500
005 20140412111404.0
008 070328s19uu xx 00 eng d
020 _a0-07-602747-3
050 _aTR(GS 372.4
_bB35 2005
100 _aBereiter, Carl
245 _aSRA Open Court Reading Level 2 Unit 1 :
_bSharing Stories /
_cCarl Bereiter.
260 _aColumbus, Ohio :
_bMcGrawhill,
_c2005.
999 _c105526
_d105526